Nové žánre a formy publikovania v online médiách

Nástup internetu a nových online médií priniesol zmeny aj vo formách publikovania obsahu a žánroch. Interaktivita, rýchlosť, multižánrovosť a spätná väzba, ktorú ponúkajú internetové média vyvíjajú tlak na hľadanie nových foriem spracovania obsahu, tak aby publikované materiály spĺňali vyššie spomen...

Full description

Saved in:
Bibliographic Details
Main Author: Filo, Jakub
Format: Book Chapter
Language:Slovak
Subjects:
Tags: Add Tag
No Tags, Be the first to tag this record!

MARC

LEADER 00000naa a2200000 4500
001 0199824
005 20220726120705.2
041 0 |a slo 
044 |a SK 
245 1 0 |a Nové žánre a formy publikovania v online médiách  |c Jakub Filo 
520 |a Nástup internetu a nových online médií priniesol zmeny aj vo formách publikovania obsahu a žánroch. Interaktivita, rýchlosť, multižánrovosť a spätná väzba, ktorú ponúkajú internetové média vyvíjajú tlak na hľadanie nových foriem spracovania obsahu, tak aby publikované materiály spĺňali vyššie spomenuté kritéria. Popri tradičnom delení na spravodajské a publicistické žánre dochádza k vzniku nových foriem, medzi ktoré radíme najme shortform, longform a dátovú žurnalistiku. 
610 2 0 |a žurnalistika 
610 2 0 |a internet 
610 2 0 |a technológie informačné 
610 2 0 |a technológie komunikačné 
610 2 0 |a stránky webové 
100 1 |a Filo, Jakub